LIBRARY & INFORMATION CENTRE, KCAET, TAVANUR

ONLINE PUBLIC ACCESS CATALOGUE (OPAC)

Exercises in Engineering drawing / (Record no. 1848)

MARC details
000 -LEADER
fixed length control field 00396cam a2200157ua 4500
041 ## - LANGUAGE CODE
Language code of text/sound track or separate title eng
082 ## - DEWEY DECIMAL CLASSIFICATION NUMBER
Classification number 604.2
Item number HAR/EX
100 ## - MAIN ENTRY--AUTHOR NAME
Personal name Harrop, P.F .
245 ## - TITLE STATEMENT
Title Exercises in Engineering drawing /
250 ## - EDITION STATEMENT
Edition statement 1 /
260 ## - PUBLICATION, DISTRIBUTION, ETC. (IMPRINT)
Place of publication London :
Name of publisher MacMillan and Company Limited ,
Year of publication 1961.
300 ## - PHYSICAL DESCRIPTION
Number of Pages 48 ; .
942 ## - ADDED ENTRY ELEMENTS (KOHA)
Koha item type Books
Holdings
Withdrawn status Lost status Damaged status Home library Current library Date acquired Full call number Accession Number Koha item type
Withdrawn     KAUAET Sanskrit University 07/04/2012 604.2 3819 Books
free website counter